000 01737cam a22003974a 4500
999 _c28583
_d28554
001 14234789
003 EG-ScBUE
005 20200824110703.0
008 060118s2007 flua f b 001 0 eng d
020 _a9780824726317 (alk. paper)
020 _a0824726316 (alk. paper)
040 _aDLC
_beng
_erda
_cDLC
_dDLC
_dEG-ScBUE
082 0 4 _a621.319
_bGRE
_222
100 1 _aNorthcote-Green, James,
_eauthor.
245 1 0 _aControl and automation of electric power distribution systems /
_cJames Northcote-Green, ABB Power Technologies AB, Vasteras, Sweden, Robert Wilson, Abasis Consulting Limited, Whitchurch, Shropshire, UK.
264 1 _aBoca Raton, FL :
_bTaylor & Francis Group,
_c[2007]
264 4 _cc2007
300 _a464 pages :
_billustrations ;
_c24 cm.
336 _2rdacontent
_atext
_btxt
337 _2rdamedia
_aunmediated
_bn
338 _2rdacarrier
_avolume
_bnc
490 0 _aPower engineering ;
_v28
500 _aIncludes glossary.
504 _aIncludes bibliographical references and index.
650 7 _aElectric power distribution
_xAutomation.
_2BUEsh
650 7 _aElectric power systems
_xControl.
_2BUEsh
650 7 _aElectric power systems
_xAutomation.
_2BUEsh
653 _bENGGEN
_cJuly2020
655 _vReading book
_934232
700 1 _aWilson, Robert,
_d1951 September 29-
_eauthor.
856 4 1 _3Table of contents only
_uhttp://www.loc.gov/catdir/toc/ecip066/2006001531.html
856 4 2 _3Publisher description
_uhttp://www.loc.gov/catdir/enhancements/fy0648/2006001531-d.html
906 _a7
_bcbc
_corignew
_d1
_eecip
_f20
_gy-gencatlg
942 _2ddc
_cBB